Powers Brown Architecture. (Record no. 353505)
[ view plain ]
| 000 -LEADER | |
|---|---|
| fixed length control field | 01664nam a22002297a 4500 |
| 003 - CONTROL NUMBER IDENTIFIER | |
| control field | OSt |
| 005 - DATE AND TIME OF LATEST TRANSACTION | |
| control field | 20260203113242.0 |
| 008 - FIXED-LENGTH DATA ELEMENTS--GENERAL INFORMATION | |
| fixed length control field | 120719t 2007xxu||||| |||| 00| 0 eng d |
| 020 ## - INTERNATIONAL STANDARD BOOK NUMBER | |
| International Standard Book Number | 9781864702507 |
| 040 ## - CATALOGING SOURCE | |
| Transcribing agency | 0 |
| 082 ## - DEWEY DECIMAL CLASSIFICATION NUMBER | |
| Classification number | 720.922 |
| 110 1# - MAIN ENTRY--CORPORATE NAME | |
| Corporate name or jurisdiction name as entry element | Images Publishing Group |
| 9 (RLIN) | 133065 |
| 245 ## - TITLE STATEMENT | |
| Title | Powers Brown Architecture. |
| Statement of responsibility, etc. | Images Publishing Group |
| 260 ## - PUBLICATION, DISTRIBUTION, ETC. | |
| Place of publication, distribution, etc. | Victoria : |
| Name of publisher, distributor, etc. | Images Publishing Dist Ac, |
| Date of publication, distribution, etc. | 2007. |
| 300 ## - PHYSICAL DESCRIPTION | |
| Extent | 124 p. : |
| Other physical details | ill ; |
| Dimensions | 27 cm. |
| 520 ## - SUMMARY, ETC. | |
| Summary, etc. | Partners Joe Powers and Jeffrey Brown founded Powers Brown Architecture in 1999. The firm has received numerous awards for architecture, urban design and interior design. Recent projects include the METRO Light Rail Facility in Houston, the McAllen office for FBI resident agents and the RTRON Corporate Headquarters in Stafford. Houston, the base city for the practice, is not unique in its commodity and consumption gluttony. How to critically engage these issues becomes the nexus of each design problem. The firm works to explore the separation of form and image by exploiting the forces that produce the automatic message of the status quo. This involves submission to those forces as authentic and as having cultural effect. Also available in the series: 24H Architecture: Hot Ice ISBN 10: 1920744843 ISBN 13: 9781920744847 %29.95 Manuelle Gautrand Architectes ISBN 10: 1920744878 ISBN 13: 9781920744878 %29.95 Jakob + MacFarlane ISBN 10: 1920744835 ISBN 13: 9781920744833 %2. |
| 650 ## - SUBJECT ADDED ENTRY--TOPICAL TERM | |
| Topical term or geographic name entry element | Architectural firms |
| 9 (RLIN) | 32517 |
| 650 ## - SUBJECT ADDED ENTRY--TOPICAL TERM | |
| Topical term or geographic name entry element | Architecture |
| 9 (RLIN) | 5664 |
| 710 ## - ADDED ENTRY--CORPORATE NAME | |
| Corporate name or jurisdiction name as entry element | Images Publishing Group |
| 9 (RLIN) | 133065 |
| 942 ## - ADDED ENTRY ELEMENTS (KOHA) | |
| Source of classification or shelving scheme | |
| Koha item type | Book |
| Withdrawn status | Lost status | Source of classification or shelving scheme | Damaged status | Not for loan | Permanent Location | Current Location | Date acquired | Full call number | Barcode | Date last seen | Cost, replacement price | Price effective from | Koha item type |
|---|---|---|---|---|---|---|---|---|---|---|---|---|---|
| School of Art Design and Architecture (SADA) | School of Art Design and Architecture (SADA) | 07/11/2012 | 720.922 IMA 2007 | SADA0001705 | 07/19/2012 | 3686.00 | 07/19/2012 | Book |
